=LDR 00000nam 2200000 4500 =001 NUTBA000000000000219 =005 20140318155117.0 =006 =007 =008 =020 ##$$a 978-979-1477-71-0 =035 ##$$a 0010-031400000000218 =084 ##$$a 641.5 =090 ##$$a 641.5 Dha s =100 ##$$a Dharmaputra =245 ##$$a 101 maskan lezat untuk pemula =260 ##$$a Depok $b Kriiya pusta $c 2009 =300 ##$$a iii,73 hlm. $b Illus $c 21 cm. =650 ##$$a masakan =850 ##$$a NBPNMAT =990 ##$$a 21107801 =990 ##$$a 90484/BPAP-NTB/2014